Movies Quiz

Random Movies or Letter Quiz

Last 25 Years: 'H' Movies Quiz Stats

Quiz Updated Jan 10, 2018

Challenge
Share
Tweet
Score 0/25 Timer 08:00
3 Plays Today
% Correct
Happy Feet
94.2%
How the Grinch Stole Christmas
88.6%
Happy Gilmore
85.9%
Hail, Caesar!
85.4%
Hot Tub Time Machine
83.6%
Hannibal
74.5%
Hotel Rwanda
74%
Her
73.2%
Horrible Bosses 2
69.7%
Hot Fuzz
68.1%
The Hateful Eight
67.2%
The Hurt Locker
65.8%
How to Lose a Guy in 10 Days
60.3%
% Correct
Hugo
58.7%
Hot Shots! Part Deux
47.7%
The Hurricane
46.2%
Heat
42.3%
The Hours
33.7%
A History of Violence
33.4%
How Stella Got Her Groove Back
31.3%
The Hudsucker Proxy
21.1%
Hachi: A Dog's Tale
19.2%
The Hunt
10.8%
The Hitman's Bodyguard
6.1%
Happy Together
1.6%

You're not logged in!

Compare scores with friends on all Sporcle quizzes.
Sign Up with Email
OR
Log In

You Might Also Like...

Show Comments

Extras

Top Quizzes Today


Score Distribution

Your Account Isn't Verified!

In order to create a playlist on Sporcle, you need to verify the email address you used during registration. Go to your Sporcle Settings to finish the process.

Report this User

Report this user for behavior that violates our Community Guidelines.

Details: